Технологии магистрального нефтепроводного транспорта России

Dades bibliogràfiques
Autor principal: Лисин Ю. В. Юрий Викторович
Altres autors: Сощенко А. Е. Анатолий Евгеньевич
Sumari:Комплексно рассмотрены вопросы, связанные с совершенствованием технологий и техники обеспечения эксплуатационной надежности магистральных нефтепроводов. Впервые проведены исследование и анализ комплексной технико-экономической картины функционирования Главного управления по транспортированию и поставкам нефти «Главтранснефть» в быв. СССР. Использованы фактические материалы и данные. Особое внимание уделено созданию и современному состоянию системы нефтепроводов ОАО «АК «Транснефть». Разработана концепция инновационного и стратегического развития ОАО «АК «Транснефть» на перспективу до 2020 г. Рассмотрены вопросы научного обеспечения эксплуатации уникальной трубопроводной системы «Восточная Сибирь - Тихий океан» и организации технического мониторинга данной системы. Представлена разработанная методика расчетов определения планово-высотного положения нефтепровода в аномальных геологических условиях. Для специалистов и научных организаций, специализирующихся в области трубопроводного транспорта нефти. Также издание будет полезно учащимся высших учебных заведений, обучающихся по специальности «Строительство и эксплуатация нефтегазопроводов, баз и хранилищ», направления подготовки «Нефтегазовое дело».
Idioma:rus
Publicat: Москва, Недра, 2013
Matèries:
Format: MixedMaterials Llibre
KOHA link:https://koha.lib.tpu.ru/cgi-bin/koha/opac-detail.pl?biblionumber=242824

MARC

LEADER 00000nam0a2200000 4500
001 242824
005 20231101231925.0
010 |a 9785836504038 
035 |a (RuTPU)RU\TPU\book\264145 
090 |a 242824 
100 |a 20130911d2013 k y0rusy50 ca 
101 0 |a rus 
102 |a RU 
105 |a a z 001zy 
200 1 |a Технологии магистрального нефтепроводного транспорта России  |f Ю. В. Лисин, А. Е. Сощенко 
210 |a Москва  |c Недра  |d 2013 
215 |a 422 с.  |c ил. 
320 |a Библиогр.: с. 336-348. 
330 |a Комплексно рассмотрены вопросы, связанные с совершенствованием технологий и техники обеспечения эксплуатационной надежности магистральных нефтепроводов. Впервые проведены исследование и анализ комплексной технико-экономической картины функционирования Главного управления по транспортированию и поставкам нефти «Главтранснефть» в быв. СССР. Использованы фактические материалы и данные. Особое внимание уделено созданию и современному состоянию системы нефтепроводов ОАО «АК «Транснефть». Разработана концепция инновационного и стратегического развития ОАО «АК «Транснефть» на перспективу до 2020 г. Рассмотрены вопросы научного обеспечения эксплуатации уникальной трубопроводной системы «Восточная Сибирь - Тихий океан» и организации технического мониторинга данной системы. Представлена разработанная методика расчетов определения планово-высотного положения нефтепровода в аномальных геологических условиях. Для специалистов и научных организаций, специализирующихся в области трубопроводного транспорта нефти. Также издание будет полезно учащимся высших учебных заведений, обучающихся по специальности «Строительство и эксплуатация нефтегазопроводов, баз и хранилищ», направления подготовки «Нефтегазовое дело». 
606 1 |a Нефтепроводы магистральные  |x Надежность  |2 stltpush  |3 (RuTPU)RU\TPU\subj\45743  |9 64934 
610 1 |a Россия 
610 1 |a капитальный ремонт 
610 1 |a безопасная эксплуатация 
610 1 |a научно-техническое обеспечение 
610 1 |a внутритрубные инспекционные средства 
610 1 |a диагностика 
610 1 |a линейная часть 
610 1 |a ремонтные конструкции 
610 1 |a изоляционные материалы 
610 1 |a подводные переходы 
610 1 |a нефтепроводные системы 
610 1 |a техническое состояние 
610 1 |a высокие технологии 
610 1 |a инновации 
610 1 |a надежное оборудование 
610 1 |a перспективы 
610 1 |a трубопроводный транспорт 
610 1 |a реконструкция 
610 1 |a энергопотребление 
610 1 |a энергоснабжение 
610 1 |a АСУ ТП 
610 1 |a автоматизированные системы управления технологическими процессами 
610 1 |a диспетчерский контроль 
610 1 |a диспетчерское управление 
610 1 |a прогнозирование 
675 |a 622.692.4-192  |v 3 
700 1 |a Лисин  |b Ю. В.  |g Юрий Викторович 
701 1 |a Сощенко  |b А. Е.  |g Анатолий Евгеньевич 
801 1 |a RU  |b 63413507  |c 20130911 
801 2 |a RU  |b 63413507  |c 20150706  |g RCR 
900 |a Трубопроводный транспорт нефти и газа 
900 |a Строительный контроль и диагностика магистральных трубопроводов 
900 |a Эксплуатация газонефтепроводов 
942 |c BK 
959 |a 123/20130911  |d 2  |e 1000,00  |f ЧЗТЛ:1  |f АНЛ:1